[Event "Valasska Bystrice op 11th"]
[Site "Valasska Bystrice"]
[Date "2019.09.11"]
[Round "6"]
[White "Rucka, Ondrej"]
[Black "Mudry, Jan"]
[Result "1-0"]
[WhiteElo "1828"]
[BlackElo "1610"]
[PlyCount "59"]
[EventDate "2019.09.07"]
[EventType "swiss"]
[EventRounds "9"]
[EventCountry "CZE"]
[SourceTitle "EXT 2020"]
[Source "ChessBase"]
[SourceDate "2019.10.17"]
[SourceVersion "1"]
[SourceVersionDate "2019.10.17"]
[SourceQuality "1"]

1. e4 e5 2. Nf3 d6 3. d4 exd4 4. Nxd4 Nf6 5. Nc3 a6 6. Bd3 Bg4 7. f3 Bh5 8. Be3 Bg6 9. Qd2 Be7 10. 0-0-0 h6 11. h3 Nbd7 12. f4 Nc5 13. f5 Nxd3+ 14. Qxd3 Bh7 15. g4 Nd7 16. Nf3 Bf6 17. Nd5 Be5 18. g5 hxg5 19. Bxg5 f6 20. Bd2 c6 21. Nf4 Nc5 22. Qe2 Qb6 23. Nxe5 dxe5 24. Nh5 0-0-0 25. Nxg7 Bg8 26. Kb1 Na4 27. b3 Rxd2 28. Qxd2 Bc4 29. Ka1 Rd8 30. Qxd8+ 1-0

[Event "Valasska Bystrice op"]
[Site "Valasska Bystrice"]
[Date "2014.09.18"]
[Round "7"]
[White "Rucka, Ondrej"]
[Black "Sewiola, Petr"]
[Result "1/2-1/2"]
[WhiteElo "1849"]
[BlackElo "1737"]
[PlyCount "20"]
[EventDate "2014.09.13"]
[EventType "swiss"]
[EventRounds "9"]
[EventCountry "CZE"]
[SourceTitle "CBM 162 Extra"]
[Source "ChessBase"]
[SourceDate "2014.10.17"]
[SourceVersion "1"]
[SourceVersionDate "2014.10.17"]
[SourceQuality "1"]

1. e4 e5 2. Nf3 Nf6 3. Nc3 Nc6 4. Bc4 d6 5. h3 Be7 6. 0-0 0-0 7. d3 Bd7 8. a3 h6 9. Ne1 Na5 10. Ba2 Nc6 1/2-1/2

[Event "Valasska Bystrice op"]
[Site "Valasska Bystrice"]
[Date "2014.09.17"]
[Round "6"]
[White "Oktavec, Ivan"]
[Black "Rucka, Ondrej"]
[Result "0-1"]
[WhiteElo "1634"]
[BlackElo "1849"]
[PlyCount "74"]
[EventDate "2014.09.13"]
[EventType "swiss"]
[EventRounds "9"]
[EventCountry "CZE"]
[SourceTitle "CBM 162 Extra"]
[Source "ChessBase"]
[SourceDate "2014.10.17"]
[SourceVersion "1"]
[SourceVersionDate "2014.10.17"]
[SourceQuality "1"]

1. d4 Nf6 2. Bf4 g6 3. e3 Bg7 4. h3 0-0 5. Nf3 d6 6. Bd3 Nc6 7. c3 Nh5 8. Bh2 e5 9. d5 Ne7 10. g4 Nf6 11. e4 Ne8 12. Nbd2 f5 13. g5 fxe4 14. Bxe4 Bxh3 15. Bg3 Qd7 16. Qc2 c6 17. c4 Nc7 18. Qd3 cxd5 19. cxd5 Bf5 20. 0-0-0 Rac8 21. Kb1 Ncxd5 22. Ka1 Nb4 23. Qb3+ Be6 24. Qxb4 d5 25. Bb1 Bg4 26. Qb3 e4 27. Bxe4 Be6 28. Bd3 Nc6 29. Bb5 a6 30. Bd3 Qe7 31. Qa4 Nb4 32. Bb1 b5 33. Qa5 Nc6 34. Qb6 Qb4 35. Nb3 Rxf3 36. Qc5 Rxb3 37. axb3 Qxc5 0-1

[Event "Valasska Bystrice op"]
[Site "Valasska Bystrice"]
[Date "2014.09.14"]
[Round "3"]
[White "Rucka, Ondrej"]
[Black "Kalvas, Jaroslav"]
[Result "1-0"]
[WhiteElo "1849"]
[BlackElo "1482"]
[PlyCount "79"]
[EventDate "2014.09.13"]
[EventType "swiss"]
[EventRounds "9"]
[EventCountry "CZE"]
[SourceTitle "CBM 162 Extra"]
[Source "ChessBase"]
[SourceDate "2014.10.17"]
[SourceVersion "1"]
[SourceVersionDate "2014.10.17"]
[SourceQuality "1"]

1. e4 Nc6 2. Nf3 e5 3. d4 d6 4. dxe5 dxe5 5. Qxd8+ Kxd8 6. Bb5 Nd4 7. Nxd4 exd4 8. Bf4 c6 9. Bd3 f6 10. Nd2 Bd7 11. 0-0 Bc5 12. h3 Ne7 13. Nf3 Ng6 14. Bg3 Re8 15. e5 Kc8 16. exf6 gxf6 17. Rfe1 b5 18. h4 Kb7 19. h5 Nf8 20. Bh4 f5 21. Rxe8 Rxe8 22. Bf6 Be6 23. Bxd4 Bxd4 24. Nxd4 Bd7 25. Bxf5 Re5 26. g4 a6 27. Rd1 Rd5 28. Rd3 a5 29. Bxd7 Rxd7 30. Nf5 Rxd3 31. cxd3 Nd7 32. Kg2 Ne5 33. Kg3 Nxd3 34. g5 Nc5 35. g6 hxg6 36. hxg6 Nd7 37. g7 Nf6 38. Kh4 Kc7 39. Kg5 Ng8 40. Kg6 1-0